000 00661nam a2200217 i 4500
001 25049
003 BD-RjUL
005 20211209050825.0
008 140316s1980 kn a 000 0 eng d
035 _a(BD-RjUL)25118
040 _aSHS
_erda
_cSHS
_dOCLCQ
_dUkOxU
_dBD-RjUL
_beng
041 _aeng
082 _a951.93043
_bKIM V-1 1980
100 1 _aSung, Kim Il
_d1912-1994.
_977034
245 1 0 _aKim Il Sung /
_cKim Il Sung.
_n1
_pJuly 1930 - December 1945
260 _aPyongyang :
_bForeign Languages Publishing House,
_c1980.
300 _a465, [7] p. :
_bill. ;
_c21 cm.
600 1 0 _aKim, Il-sŏng,
_d1912-1994.
_998412
942 _2ddc
_cBK
999 _c25049
_d25049